| 000 | 00476nam a2200193Ia 4500 | ||
|---|---|---|---|
| 003 | IIN | ||
| 005 | 20240125151817.0 | ||
| 008 | 231217s9999 xx 000 0 und d | ||
| 020 |
_cfree book _a9789352705474 |
||
| 040 |
_aINN _bEnglish |
||
| 082 |
_a616.07 _bMOH |
||
| 100 | 1 | _aMohan, Harsh | |
| 245 |
_aPathology Quick Review _cHarsh Mohan |
||
| 250 | _a5th ed | ||
| 260 |
_bJaypee _aNew Delhi _c2019 |
||
| 300 | _aviii[2],1-598p. | ||
| 650 | 1 | _aPathology | |
| 942 | _cBOOK | ||
| 999 |
_c1240 _d1240 |
||